Организация инновационной деятельности предприятий / ДО 2017: электронный курс
| Autore principale: | |
|---|---|
| Ente Autore: | |
| Riassunto: | Заглавие с экрана Цели курса: дать представление об особенностях управления инновациями, об инновациях в управлении, о необходимости создания системы результативного управления инновационным развитием; помочь слушателям активно использовать методы инновационного менеджмента для самостоятельного решения основных задач управления развитием; помочь слушателям освоить навыки инновационного антикризисного управления, которые могут быть практически полезны их предприятиям в условиях второй волны финансового кризиса. Доступ по логину и паролю |
| Lingua: | russo |
| Pubblicazione: |
Томск, TPU Moodle, 2020
|
| Soggetti: | |
| Accesso online: | https://design.lms.tpu.ru/course/view.php?id=3548 |
| Natura: | MixedMaterials Elettronico Libro |
| KOHA link: | https://koha.lib.tpu.ru/cgi-bin/koha/opac-detail.pl?biblionumber=667629 |
MARC
| LEADER | 00000nlm0a2200000 4500 | ||
|---|---|---|---|
| 001 | 667629 | ||
| 005 | 20231102030935.0 | ||
| 035 | |a (RuTPU)RU\TPU\network\38834 | ||
| 035 | |a RU\TPU\network\37247 | ||
| 090 | |a 667629 | ||
| 100 | |a 20220407d2020 m y0rusy50 ca | ||
| 101 | 0 | |a rus | |
| 102 | |a RU | ||
| 105 | |a a j 000zy | ||
| 135 | |a jrcn ---uucaa | ||
| 181 | 0 | |a i | |
| 182 | 0 | |a b | |
| 200 | 1 | |a Организация инновационной деятельности предприятий / ДО 2017 |e электронный курс |f А. Г. Данков |g Национальный исследовательский Томский политехнический университет, Школа инженерного предпринимательства | |
| 203 | |a Текст |c электронный | ||
| 210 | |a Томск |c TPU Moodle |d 2020 | ||
| 230 | |a Электрон. дан. | ||
| 300 | |a Заглавие с экрана | ||
| 330 | |a Цели курса: дать представление об особенностях управления инновациями, об инновациях в управлении, о необходимости создания системы результативного управления инновационным развитием; помочь слушателям активно использовать методы инновационного менеджмента для самостоятельного решения основных задач управления развитием; помочь слушателям освоить навыки инновационного антикризисного управления, которые могут быть практически полезны их предприятиям в условиях второй волны финансового кризиса. | ||
| 333 | |a Доступ по логину и паролю | ||
| 606 | 1 | |a Инновационная экономика |2 stltpush |3 (RuTPU)RU\TPU\subj\67863 |9 83511 | |
| 610 | 1 | |a электронный ресурс | |
| 610 | 1 | |a труды учёных ТПУ | |
| 610 | 1 | |a электронное обучение | |
| 610 | 1 | |a электронные курсы ТПУ | |
| 610 | 1 | |a учебные пособия | |
| 610 | 1 | |a электронные учебные пособия | |
| 610 | 1 | |a дистанционное образование | |
| 610 | 1 | |a дистанционное обучение | |
| 610 | 1 | |a инновационная деятельность | |
| 610 | 1 | |a основы | |
| 610 | 1 | |a предприятия | |
| 610 | 1 | |a инновации | |
| 610 | 1 | |a инновационное управление | |
| 610 | 1 | |a инновационный менеджмент | |
| 686 | |a У9(2)0-551я73 |2 rubbk | ||
| 700 | 1 | |a Данков |b А. Г. |c экономист |c доцент Томского политехнического университета, кандидат исторических наук |f 1983- |g Артём Георгиевич |2 stltpush |3 (RuTPU)RU\TPU\pers\28085 | |
| 712 | 0 | 2 | |a Национальный исследовательский Томский политехнический университет |b Школа инженерного предпринимательства |c (2017- ) |h 7949 |2 stltpush |3 (RuTPU)RU\TPU\col\23544 |
| 801 | 2 | |a RU |b 63413507 |c 20220815 |g RCR | |
| 856 | 4 | |u https://design.lms.tpu.ru/course/view.php?id=3548 | |
| 942 | |c CF | ||